Derecho penal y derechos humanos : (Registro nro. 19822)

Detalles MARC
000 -LEADER
fixed length control field 01287nam a2200301 4500
001 - CONTROL NUMBER
control field 0000017713
003 - CONTROL NUMBER IDENTIFIER
control field CO-CtgCURN
005 - DATE AND TIME OF LATEST TRANSACTION
control field 20250331184437.0
007 - PHYSICAL DESCRIPTION FIXED FIELD--GENERAL INFORMATION
fixed length control field ta
008 - FIXED-LENGTH DATA ELEMENTS--GENERAL INFORMATION
fixed length control field 160627s1999 000 0 eng d
040 ## - CATALOGING SOURCE
Original cataloging agency CO-CtgCURN
Language of cataloging spa
Transcribing agency coctgcurn
082 0# - DEWEY DECIMAL CLASSIFICATION NUMBER
Classification number 345.03
Item number V45d
100 1# - MAIN ENTRY--PERSONAL NAME
Personal name Villanueva Meza, Javier Antonio.
245 10 - TITLE STATEMENT
Title Derecho penal y derechos humanos :
Remainder of title una perspectiva filosofica-dogmatica neo-humanista /
Statement of responsibility, etc. Javier Antonio Villanueva Meza.
260 ## - PUBLICATION, DISTRIBUTION, ETC.
Place of publication, distribution, etc. Bogotá :
Name of publisher, distributor, etc. Grupo Editorial Leyer,
Date of publication, distribution, etc. 1999.
300 ## - PHYSICAL DESCRIPTION
Extent 213 p.
336 ## - CONTENT TYPE
Source rdacontent
337 ## - MEDIA TYPE
Source rdamedia
Media type term sin mediacion
Media type code n
338 ## - CARRIER TYPE
Source rdacarrier
Carrier type term volumen
Carrier type code nc
500 ## - GENERAL NOTE
General note Incluye indice.
504 ## - BIBLIOGRAPHY, ETC. NOTE
Bibliography, etc. note Bibliografia (p. 207-208)
505 8# - FORMATTED CONTENTS NOTE
Formatted contents note Derechos humanos y su consagracion positiva en constituciones políticas comparadas.--Neohumanismo, etica, neo-etica y bioetica.--Humanismo, neohumanismo, derechos humanos y jurisprudencias internacionales.--Derecho penal, ley penal colombiana, sistemas procesales y sistema carcelario-penitenciario
650 14 - SUBJECT ADDED ENTRY--TOPICAL TERM
Topical term or geographic name entry element Procedimiento penal.
908 ## - PUT COMMAND PARAMETER (RLIN)
Put command parameter 160627
942 ## - ADDED ENTRY ELEMENTS (KOHA)
Koha item type Libros
Classification part 345.03
Item part V45d
Source of classification or shelving scheme Dewey Decimal Classification
Existencias
Withdrawn status Lost status Source of classification or shelving scheme Damaged status Not for loan Collection Home library Current library Shelving location Date acquired Inventory number Total checkouts Full call number Barcode Date last seen Copy number Price effective from Koha item type Public note
    Dewey Decimal Classification     General Miguel Henríquez Castañeda Miguel Henríquez Castañeda General 03/31/2025 013189   345.03 V45d 013189 03/31/2025 ej.1 03/31/2025 Libros 340-DEREC
    Dewey Decimal Classification     General Miguel Henríquez Castañeda Miguel Henríquez Castañeda General 03/31/2025 013190   345.03 V45d 013190 03/31/2025 ej.2 03/31/2025 Libros 340-DEREC